| 000 | 00382nam a2200145Ia 4500 | ||
|---|---|---|---|
| 008 | 231129s2012||||xx |||||||||||||| ||spa|| | ||
| 020 | _a978-968-18-7159-8 | ||
| 040 | _bspa | ||
| 082 | _a711 C227i | ||
| 100 | _aCano Forrat Juan | ||
| 245 | 0 | _aIntroducción a la historia del urbanismo | |
| 260 | _c2012 | ||
| 264 | _aLimusa | ||
| 942 |
_2ddc _cBKS |
||
| 999 |
_c15865 _d15865 |
||